[Event "36th World Junior Girls"]
[Site "Manavgat TUR"]
[Date "2018.09.11"]
[Round "7.23"]
[White "Cramling Bellon, Anna"]
[Black "Wafa, Shahenda"]
[Result "0-1"]
[WhiteTitle "WFM"]
[BlackTitle "WGM"]
[WhiteElo "2009"]
[BlackElo "2129"]
[WhiteFideId "32009232"]
[BlackFideId "10609962"]
[EventDate "2018.09.05"]

1. d4 f5 2. Nc3 Nf6 3. Bg5 b6 4. Qd3 e6 5. d5 Ba6 6. Qh3 h6 7. dxe6 dxe6 8. Rd1
Nbd7 9. e4 Bxf1 10. Kxf1 Bd6 11. f4 fxe4 12. Nxe4 Qe7 13. Bxf6 Nxf6 14. Nxd6+
cxd6 15. Re1 Kf7 16. Nf3 Rhe8 17. Nd4 Qc7 18. Qb3 d5 19. g3 Rac8 20. c3 Ne4 21.
Kg2 Rcd8 22. Qd1 Qc4 23. a3 Kg8 24. Qg4 Qc8 25. Qg6 Rd6 26. Nb5 Rd7 27. Nd4 Rf7
28. Rhf1 Rf6 29. Qh5 Ref8 30. h4 Qc4 31. Qe5 Nc5 32. Qe2 Qd3 33. Rf3 Qg6 34. Kh2
Ne4 35. Nc6 Qh5 36. Re3 Qe8 37. Ne5 Rf5 38. Rf1 Kh7 39. Ref3 Qh5 40. Kg2 Qe8 41.
Qc2 b5 42. g4 R5f6 43. h5 Kg8 44. Qd3 Nc5 45. Qe3 Qc8 46. Rd1 Ne4 47. a4 bxa4
48. c4 Qb7 49. Kg1 Rd8 50. Qa3 d4 51. c5 Qc7 52. c6 Qb6 53. Rdd3 Nc5 54. Rd2 Rd5
55. Ng6 Rf7 56. Ne5 Rc7 57. Kg2 a5 58. Rd1 Qb4 59. Qa1 d3 60. Qb1 d2 61. Qg6 Rd8
62. Rc3 Re7 63. c7 Rxc7 64. Nd3 Nxd3 65. Rxd3 Rxd3 66. Qxd3 Qb7+ 67. Kg3 Rd7 68.
Qg6 Qb3+ 69. Kf2 Rd8 70. Qb1 Rd3 71. Ke2 Rh3 72. Kxd2 Rh2+ 73. Kc1 Qc4+ 0-1

[Event "36th World Junior Girls"]
[Site "Manavgat TUR"]
[Date "2018.09.11"]
[Round "7.26"]
[White "Li, Xinyu"]
[Black "Zairbek kyzy, Begimay"]
[Result "0-1"]
[WhiteElo "2086"]
[BlackElo "1770"]
[WhiteFideId "8610401"]
[BlackFideId "13803603"]
[EventDate "2018.09.05"]

1. d4 d5 2. c4 e6 3. Nc3 Nf6 4. Nf3 Be7 5. Bg5 Nbd7 6. e3 c6 7. Rc1 O-O 8. Bd3
Re8 9. O-O Nf8 10. Qc2 Ng6 11. Rfd1 dxc4 12. Bxc4 Nd5 13. Bxe7 Qxe7 14. a3 Bd7
15. Bd3 Nf8 16. Ne4 Rad8 17. Qb3 Bc8 18. Qa4 a6 19. b4 Nd7 20. Nc5 h6 21. Qb3
N5f6 22. e4 e5 23. dxe5 Nxe5 24. Nxe5 Qxe5 25. Bc4 Qc7 26. Rxd8 Rxd8 27. Qe3 Ng4
28. Qg3 Qxg3 29. hxg3 Rd2 30. f3 Ne3 31. Bf1 Rc2 32. Re1 Rc3 33. Bd3 b6 34. Rxe3
bxc5 35. bxc5 Rxa3 36. Kf2 Rc3 37. Be2 Rxc5 38. Rb3 Kh7 39. Rb8 Be6 40. Bxa6
Rc2+ 41. Kg1 c5 42. g4 Kg6 43. Kh2 Kf6 44. Kg3 g5 45. Rh8 Kg7 46. Rd8 c4 47. Bc8
Kf6 48. Bxe6 Kxe6 49. Rd5 c3 50. f4 Rd2 51. f5+ Ke7 52. Rc5 Rd3+ 53. Kf2 Kd6 54.
Rc4 Ke5 55. g3 f6 56. Kg2 Re3 57. Kf2 Rxe4 58. Rxc3 Rxg4 59. Kf3 Rd4 60. g4 Rf4+
61. Kg3 h5 62. gxh5 Kxf5 63. Rc8 Rg4+ 64. Kf3 Rh4 65. Rh8 Rh3+ 66. Kg2 Kg4 67.
h6 f5 68. h7 f4 69. Kf2 f3 70. Ra8 Rh2+ 71. Ke3 Rxh7 0-1

[Event "36th World Junior Girls"]
[Site "Manavgat TUR"]
[Date "2018.09.11"]
[Round "7.27"]
[White "De Silva, Tenara"]
[Black "Dwilewicz, Katarzyna"]
[Result "1/2-1/2"]
[BlackTitle "WFM"]
[WhiteElo "1764"]
[BlackElo "2081"]
[WhiteFideId "9942270"]
[BlackFideId "1148486"]
[EventDate "2018.09.05"]

1. e4 e5 2. Nf3 Nc6 3. d4 exd4 4. Nxd4 Nf6 5. Nxc6 bxc6 6. Bd3 d5 7. Qe2 dxe4 8.
Bxe4 Nxe4 9. Qxe4+ Qe7 10. Qxe7+ Bxe7 11. Bf4 Rb8 12. b3 Bf6 13. c3 O-O 14. O-O
Ba6 15. Rc1 Rbd8 16. Nd2 Rfe8 17. Nc4 Rd3 18. Re1 Rxe1+ 19. Rxe1 h6 20. Ne5 Rxc3
21. Nd7 Bd3 22. Re8+ Kh7 23. Nf8+ Kg8 24. Nd7+ Kh7 25. Nf8+ Kg8 26. Nd7+ Kh7 27.
Nf8+ Kg8 1/2-1/2

[Event "36th World Junior Girls"]
[Site "Manavgat TUR"]
[Date "2018.09.11"]
[Round "7.28"]
[White "Sankova, Stella"]
[Black "Yorgun, Yaren Naz"]
[Result "1-0"]
[WhiteTitle "WFM"]
[WhiteElo "2081"]
[BlackElo "1751"]
[WhiteFideId "14944200"]
[BlackFideId "6361021"]
[EventDate "2018.09.05"]

1. e4 e6 2. d4 d5 3. Nc3 dxe4 4. Nxe4 Nd7 5. Nf3 Ngf6 6. Bd3 Be7 7. c3 O-O 8.
Qe2 c5 9. Bg5 cxd4 10. Nxd4 Ne5 11. Bc2 Nxe4 12. Qxe4 Ng6 13. Bxe7 Qxe7 14. h4
f5 15. Qf3 Qf6 16. O-O-O e5 17. Bb3+ Kh8 18. Nb5 e4 19. Qe3 Ne5 20. Nc7 Rb8 21.
Qxa7 Bd7 22. Nd5 Qh6+ 23. Kb1 Nd3 24. Bc2 Bc6 25. Nb4 Ra8 26. Qb6 Nxb4 27. Qxb4
Qf4 28. Qd4 Qc7 29. h5 Rfd8 30. Qb4 h6 31. Bb3 Rxd1+ 32. Rxd1 Rd8 33. Rd4 f4 34.
a3 e3 35. Rxf4 Qb8 36. fxe3 Bxg2 37. Qe7 Re8 38. Qf7 Be4+ 39. Ka2 Qe5 40. Rf1
Bd3 41. Rg1 Rb8 42. Rg2 Bh7 43. Qf4 Qe8 44. Rf2 Be4 45. Bf7 1-0

[Event "36th World Junior Girls"]
[Site "Manavgat TUR"]
[Date "2018.09.11"]
[Round "7.29"]
[White "Bai, Xue"]
[Black "Can, Isil"]
[Result "1/2-1/2"]
[BlackTitle "WCM"]
[WhiteElo "2073"]
[BlackElo "1798"]
[WhiteFideId "8608717"]
[BlackFideId "34505733"]
[EventDate "2018.09.05"]

1. e4 e5 2. Nf3 Nc6 3. Bb5 a6 4. Ba4 Nf6 5. O-O Be7 6. Re1 b5 7. Bb3 d6 8. c3
O-O 9. h3 Nb8 10. d4 Nbd7 11. Bg5 Bb7 12. Nbd2 Re8 13. Bc2 Bf8 14. Nf1 h6 15.
Bxf6 Nxf6 16. Ng3 g6 17. Qe2 Bg7 18. Rad1 Qe7 19. a4 c6 20. dxe5 dxe5 21. Rd2
Rad8 22. Red1 Nd7 23. Qe3 Nf8 24. Qb6 Ne6 25. b4 Rxd2 26. Rxd2 Rd8 27. Bb3 Rxd2
28. Nxd2 Qc7 29. Qe3 Bc8 30. Ne2 bxa4 31. Bxa4 c5 32. Kh2 Bf8 33. bxc5 Nxc5 34.
Bc2 Be6 35. c4 a5 36. Nc3 Kg7 37. Nb5 Qc6 38. Qc3 a4 39. Qxe5+ Kh7 40. Qc3 Qa6
41. f4 Bd7 42. f5 Bxb5 43. cxb5 Qxb5 44. Qf6 Qe8 45. Qc3 Bd6+ 46. g3 Qe5 47. Nb1
Qxc3 48. Nxc3 a3 49. Kg2 Na6 50. Bb3 gxf5 1/2-1/2

[Event "36th World Junior Girls"]
[Site "Manavgat TUR"]
[Date "2018.09.11"]
[Round "7.31"]
[White "Santeramo, Alessia"]
[Black "Kocyigit, Buse Naz"]
[Result "0-1"]
[WhiteTitle "WFM"]
[WhiteElo "2124"]
[BlackElo "1944"]
[WhiteFideId "850810"]
[BlackFideId "6380840"]
[EventDate "2018.09.05"]

1. e4 e6 2. d4 d5 3. Nc3 Nf6 4. Bg5 Bb4 5. e5 h6 6. Bc1 Ne4 7. Qg4 g5 8. Ne2 h5
9. Qh3 c5 10. a3 Ba5 11. b4 cxb4 12. Nxe4 dxe4 13. axb4 Bxb4+ 14. c3 Be7 15. Qe3
Bd7 16. Ng3 Bc6 17. Nxe4 Bxe4 18. Qxe4 Qc7 19. Bb5+ Nd7 20. O-O a6 21. Bd2 O-O-O
22. Bd3 h4 23. Rfb1 Nb8 24. c4 h3 25. Ba5 Qc6 26. Bxd8 Rxd8 27. Qxc6+ Nxc6 28.
Be4 Nb4 29. Rd1 f5 30. exf6 Bxf6 31. Ra4 Be7 32. gxh3 b6 33. Bf3 a5 34. c5 Kc7
35. cxb6+ Kxb6 36. Rda1 Rxd4 37. Rxa5 Bc5 38. Be2 Rd2 39. Rb5+ Kc6 40. Rc1 Rc2
41. Rxc2 Nxc2 42. Rb8 Nd4 43. Bg4 Kd5 44. Kg2 Be7 45. Rb7 Bf6 46. Rf7 Ke5 47.
Kf1 Bd8 48. Rf8 Be7 49. Rf7 Bd8 50. Ke1 Ke4 51. Ra7 Bf6 52. Ra6 Kd5 53. Kd2 Nb3+
54. Ke2 Nc5 55. Kf3 Nxa6 56. Kg2 Nc5 57. f3 Nd3 58. Kg3 Be5+ 59. Kg2 Nf4+ 60.
Kg3 Ng6+ 61. Kg2 Nh4+ 62. Kh1 Bf4 63. Kg1 Be3+ 64. Kf1 Ke5 65. Bh5 Kf4 66. Ke2
Bg1 67. Bg4 e5 68. Bh5 Bxh2 69. Bg4 Bg1 70. Bh5 Kg3 71. Bg4 Bc5 72. Bh5 Kxh3 73.
Kd3 Kg3 74. Ke4 Bd4 75. Bg4 Nxf3 76. Bxf3 g4 77. Be2 Kh3 78. Bf1+ Kh2 0-1

[Event "36th World Junior Girls"]
[Site "Manavgat TUR"]
[Date "2018.09.11"]
[Round "7.32"]
[White "Ince, Safiye Oyku"]
[Black "Auvray, Honorine"]
[Result "1/2-1/2"]
[WhiteTitle "WCM"]
[BlackTitle "WFM"]
[WhiteElo "1905"]
[BlackElo "2050"]
[WhiteFideId "6391222"]
[BlackFideId "600512"]
[EventDate "2018.09.05"]

1. e4 c5 2. Nf3 Nc6 3. c3 Nf6 4. e5 Nd5 5. Bc4 Nb6 6. Bb3 d5 7. exd6 Qxd6 8. O-O
c4 9. Bc2 Bg4 10. h3 Bh5 11. Re1 e6 12. b3 Be7 13. Na3 cxb3 14. axb3 O-O 15. d4
Bf6 16. Nb5 Qb8 17. Qd3 Bg6 18. Qd2 Bxc2 19. Qxc2 a6 20. Na3 Nd5 21. Nc4 Qc7 22.
Bg5 Rac8 23. Bxf6 Nxf6 24. Rac1 Rfd8 25. Red1 b5 26. Ne3 Qf4 27. Qb2 Rb8 28. Qa1
a5 29. c4 bxc4 30. Rxc4 Qd6 31. Qa4 Ne7 32. Rc5 Rb4 33. Qxa5 Rxb3 34. Nc4 Qb8
35. Nce5 Nfd5 36. Ng5 f6 37. Nxe6 Rd6 38. Nc4 Rb1 39. Rxb1 Qxb1+ 40. Kh2 Rxe6
41. Rxd5 Nxd5 42. Qd8+ Kf7 43. Qxd5 Qb8+ 44. g3 Qc7 45. Qh5+ Kg8 46. d5 Qxc4 1/2-1/2

[Event "36th World Junior Girls"]
[Site "Manavgat TUR"]
[Date "2018.09.11"]
[Round "7.35"]
[White "Celik, Eylul"]
[Black "Doroy, Allaney Jia G"]
[Result "0-1"]
[WhiteTitle "WCM"]
[BlackTitle "WFM"]
[WhiteElo "2014"]
[BlackElo "1914"]
[WhiteFideId "34505792"]
[BlackFideId "5216729"]
[EventDate "2018.09.05"]

1. d4 g6 2. e4 Bg7 3. Nf3 c5 4. dxc5 Qa5+ 5. c3 Qxc5 6. Na3 Nf6 7. Nb5 Qb6 8.
Be3 Qd8 9. Bc4 O-O 10. Qc2 Nc6 11. h3 d6 12. O-O Bd7 13. Rad1 Rc8 14. Qb1 a6 15.
Na3 Qc7 16. Be2 b5 17. Nd4 Qb7 18. f3 Rfd8 19. c4 b4 20. Nac2 Ne8 21. Nxc6 Bxc6
22. Nd4 Bd7 23. Rc1 Nc7 24. Nb3 Ne6 25. Rfd1 Be5 26. Bf2 Ba4 27. c5 dxc5 28.
Rxd8+ Rxd8 29. Bxc5 Bxb3 30. Bxe7 Qxe7 31. axb3 Rd2 32. Rc2 Qa7+ 33. Kf1 Qe3 34.
Rxd2 Qxd2 35. Bxa6 Nf4 0-1

[Event "36th World Junior Girls"]
[Site "Manavgat TUR"]
[Date "2018.09.11"]
[Round "7.36"]
[White "Kamalidenova, Meruert"]
[Black "Aksoy, Ayca"]
[Result "0-1"]
[WhiteTitle "WFM"]
[WhiteElo "2011"]
[BlackElo "1898"]
[WhiteFideId "13712802"]
[BlackFideId "6355978"]
[EventDate "2018.09.05"]

1. e4 c5 2. Nf3 g6 3. d4 cxd4 4. Nxd4 Nf6 5. Nc3 d6 6. Be3 Bg7 7. f3 Nc6 8. Qd2
Nxd4 9. Bxd4 O-O 10. g4 a6 11. h4 e5 12. Be3 Be6 13. O-O-O Qa5 14. Qxd6 Nd7 15.
a3 Rfc8 16. Qd2 Bf8 17. Nb1 Qa4 18. Bd3 Nc5 19. Bxc5 Rxc5 20. Qg2 Rac8 21. Rd2
R5c7 22. Kd1 b5 23. Ke2 Bc4 24. Bxc4 Qxc4+ 25. Kf2 Bc5+ 26. Kg3 Be3 27. Re2 Bf4+
28. Kh3 Qa2 29. c3 Rd8 30. Rc2 Qb3 31. Qe2 Rcd7 32. Rf1 Rd3 33. a4 Qxa4 34. Qg2
Qxe4 35. Re2 Qc6 36. c4 e4 37. Ref2 Qxc4 38. Nc3 Qc6 0-1

[Event "36th World Junior Girls"]
[Site "Manavgat TUR"]
[Date "2018.09.11"]
[Round "7.37"]
[White "Hu, Yu A."]
[Black "Nassr, Lina"]
[Result "1/2-1/2"]
[BlackTitle "WIM"]
[WhiteElo "2009"]
[BlackElo "1854"]
[WhiteFideId "8609993"]
[BlackFideId "7908075"]
[EventDate "2018.09.05"]

1. e4 c5 2. Nf3 e6 3. d4 cxd4 4. Nxd4 Nf6 5. Nc3 Nc6 6. Ndb5 Bc5 7. Bf4 O-O 8.
Bd6 Qb6 9. Qd2 Bxd6 10. Nxd6 Qxb2 11. Rb1 Qa3 12. Rb5 a6 13. Rg5 Ne8 14. Nc4 Qe7
15. e5 b5 16. Nb6 Rb8 17. Nxc8 Rxc8 18. Bd3 f5 19. exf6 Nxf6 20. O-O Nb4 21. Be2
Nxa2 22. Nxa2 Ne4 23. Rxg7+ Qxg7 24. Qe3 Nc3 25. Nxc3 Rxc3 26. Bd3 b4 27. f4 Ra3
28. Rf3 Kh8 29. Qe4 Rg8 30. Rg3 Qa1+ 31. Kf2 Rxd3 32. Rxd3 Qg7 33. Rg3 Qb2 34.
Rb3 Qf6 35. Rxb4 d5 36. Qe3 Rc8 1/2-1/2

[Event "36th World Junior Girls"]
[Site "Manavgat TUR"]
[Date "2018.09.11"]
[Round "7.38"]
[White "Catal, Uktenur"]
[Black "Ayan, Bengu Sena"]
[Result "1-0"]
[BlackTitle "WFM"]
[WhiteElo "1809"]
[BlackElo "1976"]
[WhiteFideId "34504290"]
[BlackFideId "6346120"]
[EventDate "2018.09.05"]

1. d4 d5 2. c4 c6 3. Nf3 Nf6 4. e3 a6 5. Nc3 b5 6. b3 e6 7. Bb2 Nbd7 8. c5 g6 9.
Be2 Bg7 10. O-O O-O 11. b4 Qc7 12. Qc2 a5 13. a3 Bb7 14. Rfc1 Rfc8 15. Qd2 axb4
16. axb4 Rxa1 17. Rxa1 Ra8 18. Qc2 Qc8 19. Nd2 Ne8 20. Rxa8 Bxa8 21. Nb3 e5 22.
Nb1 Nc7 23. Na5 Ne6 24. dxe5 Nxe5 25. Nd2 Qc7 26. Ndb3 Bb7 27. Nd4 Bc8 28. f4
Nxd4 29. Bxd4 Nd7 30. Bxg7 Kxg7 31. Qc3+ Kg8 32. Bg4 Nf8 33. Bxc8 Qxc8 34. Qe5
Nd7 35. Qd6 Nb8 36. Kf2 h5 37. h3 Kg7 38. Qe5+ Kg8 39. Qd6 Kg7 40. Qe5+ Kg8 41.
Qf6 Qd7 42. g4 hxg4 43. hxg4 Kh7 44. f5 gxf5 45. gxf5 d4 46. exd4 Qd5 47. Ke3
Kg8 48. Qe5 Qd8 49. f6 Kf8 50. Kd3 Nd7 51. Qd6+ Kg8 52. Nxc6 Qa8 53. Qxd7 Qa3+
54. Ke4 Qb3 55. Qg4+ 1-0

[Event "36th World Junior Girls"]
[Site "Manavgat TUR"]
[Date "2018.09.11"]
[Round "7.39"]
[White "Nemcova, Karin"]
[Black "Heydarova, Aytaj"]
[Result "0-1"]
[WhiteElo "1990"]
[BlackElo "1948"]
[WhiteFideId "360821"]
[BlackFideId "13409999"]
[EventDate "2018.09.05"]

1. e4 c5 2. Nf3 d6 3. d4 cxd4 4. Nxd4 Nf6 5. Nc3 g6 6. Be3 Bg7 7. f3 Nc6 8. Qd2
O-O 9. Bc4 a6 10. O-O-O Nxd4 11. Bxd4 Be6 12. Nd5 Bxd5 13. Bxd5 Qc7 14. h4 Rac8
15. Bb3 b5 16. h5 Rfd8 17. hxg6 hxg6 18. Bxf6 Bxf6 19. Qh6 e6 20. Qd2 d5 21. f4
dxe4 22. Qe3 a5 23. a4 bxa4 24. Bxa4 Rd3 25. Rxd3 exd3 26. Qe4 dxc2 27. Bxc2 Rb8 0-1

[Event "36th World Junior Girls"]
[Site "Manavgat TUR"]
[Date "2018.09.11"]
[Round "7.40"]
[White "Koljevic, Nikolina"]
[Black "Nastase, Andreea-Cristina"]
[Result "1/2-1/2"]
[WhiteElo "1898"]
[BlackElo "1983"]
[WhiteFideId "16503945"]
[BlackFideId "1221183"]
[EventDate "2018.09.05"]

1. e4 c5 2. Nf3 d6 3. d4 cxd4 4. Qxd4 a6 5. Be3 Nc6 6. Qd2 Nf6 7. Nc3 e6 8.
O-O-O Be7 9. Nd4 Ng4 10. Kb1 Nxe3 11. Qxe3 Nxd4 12. Qxd4 O-O 13. f3 Qc7 14. Qc4
Qxc4 15. Bxc4 b5 16. Bb3 Bb7 17. a4 b4 18. Ne2 Rfd8 19. Rd4 a5 20. Rhd1 Ba6 21.
Ng3 g6 22. Nh1 Rac8 23. Ng3 h5 24. f4 h4 25. Nf1 e5 26. fxe5 dxe5 27. Rd7 Be2
28. R1d5 Rxd7 29. Rxd7 Bxf1 30. Rxe7 Bc4 31. Rxe5 Bxb3 32. cxb3 Ra8 33. Kc2 Kg7
34. Kd3 f6 35. Rc5 g5 36. Ke3 Kg6 37. g3 hxg3 38. hxg3 Ra7 39. g4 Rh7 40. Rxa5
Rh3+ 41. Kd4 Rxb3 42. Rb5 Rxb2 43. Rb6 Rg2 44. e5 Rxg4+ 45. Ke3 b3 46. Rxf6+ Kg7
47. Rb6 Rxa4 48. Rxb3 Kg6 49. Rb5 Ra1 50. Kf3 Rf1+ 51. Kg4 Rf4+ 52. Kg3 Re4 53.
Kf3 Re1 54. Kg4 Rg1+ 55. Kf3 Kf5 56. Ra5 Ke6 57. Ke4 Re1+ 58. Kf3 Rxe5 59. Rxe5+
Kxe5 60. Kg4 Kf6 61. Kg3 Kf5 62. Kf3 g4+ 63. Kg3 Kg5 64. Kg2 1/2-1/2

[Event "36th World Junior Girls"]
[Site "Manavgat TUR"]
[Date "2018.09.11"]
[Round "7.41"]
[White "Aydin, Gulenay"]
[Black "Celik, Eda"]
[Result "0-1"]
[WhiteTitle "WCM"]
[WhiteElo "1882"]
[BlackElo "1970"]
[WhiteFideId "34557431"]
[BlackFideId "6351727"]
[EventDate "2018.09.05"]

1. e4 e5 2. Nf3 Nc6 3. Nc3 Nf6 4. Bb5 Bb4 5. O-O O-O 6. d3 d6 7. Bg5 Ne7 8. Nh4
c6 9. Ba4 Nd7 10. Bb3 Nc5 11. Ne2 Nxb3 12. axb3 Bc5 13. Ng3 f6 14. Be3 Bxe3 15.
fxe3 d5 16. exd5 cxd5 17. d4 Be6 18. Nf3 e4 19. Nd2 f5 20. Ne2 g5 21. c4 a6 22.
h4 gxh4 23. Nf4 Bf7 24. Qe1 Ng6 25. Kh1 Rc8 26. Rc1 Kh8 27. Nxg6+ hxg6 28. Rf4
Kg7 29. Rxh4 g5 30. Rh2 Qc7 31. Qe2 Rh8 32. g4 Rxh2+ 33. Qxh2 Rh8 34. Qxh8+ Kxh8
35. Kg2 f4 36. Nf1 f3+ 37. Kf2 Be6 38. Rc3 Qh7 39. cxd5 Qh4+ 40. Ng3 Qh2+ 0-1

[Event "36th World Junior Girls"]
[Site "Manavgat TUR"]
[Date "2018.09.11"]
[Round "7.43"]
[White "Duran, Esma Doga"]
[Black "Tian, Shi Yuan"]
[Result "0-1"]
[WhiteTitle "WFM"]
[WhiteElo "1825"]
[BlackElo "1923"]
[WhiteFideId "6390196"]
[BlackFideId "2623960"]
[EventDate "2018.09.05"]

1. d4 d5 2. c4 c6 3. Nf3 Nf6 4. Nc3 dxc4 5. a4 Bf5 6. e3 e6 7. Bxc4 Bb4 8. O-O
Nbd7 9. Qe2 O-O 10. e4 Bg6 11. Bd3 Bh5 12. e5 Nd5 13. Bd2 Rc8 14. Nxd5 Bxd2 15.
Qxd2 cxd5 16. Rac1 Qe7 17. Qg5 Qxg5 18. Nxg5 Bg6 19. Bxg6 hxg6 20. b3 Nb8 21.
Nf3 Nc6 22. Rfd1 Rfd8 23. Kf1 Nb4 24. Ke2 Na2 25. Rxc8 Rxc8 26. Kd2 Nc3 27. Rc1
Ne4+ 28. Kd1 Nxf2+ 29. Kd2 Ne4+ 30. Kd1 Rxc1+ 31. Kxc1 a5 32. Kc2 Kf8 33. b4 b6
34. Ne1 Nf2 35. bxa5 bxa5 36. Nf3 Ne4 37. Ne1 Ke7 38. Nd3 Kd7 39. Kb3 g5 40. Kc2
Kc7 41. Kb3 Nd2+ 42. Kc3 Nc4 43. Ne1 Kd7 44. Nd3 Ne3 45. Ne1 Nf1 46. h3 Ne3 47.
Kd3 Nc4 48. Kc3 Ke7 49. Nf3 f6 50. Kb3 Kf7 51. Kc3 Kg6 52. g4 Kf7 53. Kc2 Ke7
54. Kc3 Kd7 55. Kc2 Ne3+ 56. Kd2 Ng2 57. Ng1 Nf4 58. Ke3 Kc6 59. Kf3 fxe5 60.
dxe5 Nd3 61. Ke3 Nxe5 62. Kd4 Kd6 63. Ne2 Nc6+ 64. Kd3 e5 65. Nc3 e4+ 0-1

[Event "36th World Junior Girls"]
[Site "Manavgat TUR"]
[Date "2018.09.11"]
[Round "7.44"]
[White "Caballero Quijano, Mitzy Mishell"]
[Black "Gur, Tuba"]
[Result "1-0"]
[WhiteTitle "WIM"]
[WhiteElo "2034"]
[BlackElo "1724"]
[WhiteFideId "3807223"]
[BlackFideId "34553495"]
[EventDate "2018.09.05"]

1. d4 d5 2. Nf3 e6 3. c4 Nf6 4. g3 c6 5. Bg2 Bd6 6. O-O Nbd7 7. Qc2 O-O 8. Nfd2
e5 9. cxd5 cxd5 10. Nc3 e4 11. f3 exf3 12. exf3 Re8 13. Rd1 Nb6 14. Nf1 Bd7 15.
Qb3 Rc8 16. Bg5 Be7 17. a4 Be6 18. f4 Ne4 19. Bxe7 Qxe7 20. Nb5 Rc4 21. Ne3 Rb4
22. Qa3 Rxa4 23. Qxe7 Rxe7 24. Rxa4 Nxa4 25. f5 Bd7 26. Nxd5 Re8 27. Nbc7 Nd6
28. Nxe8 Nxe8 29. Ra1 Nxb2 30. Rxa7 Nd6 31. Ra8+ Ne8 32. Nc7 Kf8 33. Bxb7 Ke7
34. Nxe8 Bxe8 35. Kf2 Nc4 36. g4 Nd6 37. Bd5 g6 38. Ra7+ Kf6 39. Ra6 Ke7 40. f6+
Kd7 41. Bc6+ Kc7 42. Bxe8 Nxe8 43. Ra7+ Kd6 44. Rxf7 Ke6 45. Re7+ 1-0

[Event "36th World Junior Girls"]
[Site "Manavgat TUR"]
[Date "2018.09.11"]
[Round "7.46"]
[White "Huttl, Sofie"]
[Black "Bail, Ellen Larissa"]
[Result "1-0"]
[WhiteElo "1727"]
[BlackElo "1832"]
[WhiteFideId "236730"]
[BlackFideId "2142171"]
[EventDate "2018.09.05"]

1. e4 c5 2. Nf3 g6 3. d4 cxd4 4. Nxd4 Nc6 5. c4 Bg7 6. Be3 d6 7. Nc3 Nf6 8. Be2
O-O 9. O-O Bd7 10. Qd2 Rc8 11. f3 Nxd4 12. Bxd4 Be6 13. Nd5 Bxd5 14. cxd5 Nd7
15. Bxg7 Kxg7 16. Qd4+ Kg8 17. Rac1 Qb6 18. Qxb6 Nxb6 19. b3 Rxc1 20. Rxc1 Rc8
21. Rxc8+ Nxc8 22. Kf2 g5 23. Ke3 Kg7 24. g3 Nb6 25. Kd4 Nd7 26. f4 gxf4 27.
gxf4 f6 28. b4 Nf8 29. Bg4 Ng6 30. Ke3 Kf7 31. Bc8 b6 32. a4 Ke8 33. Bf5 Kd8 34.
Bxg6 hxg6 35. h4 Ke8 36. Kf3 Kf7 37. Kg4 Kg7 38. f5 g5 39. hxg5 fxg5 40. Kxg5 a6
41. Kg4 Kf7 42. b5 a5 43. Kf3 Kg7 44. Kf4 Kf6 45. e5+ Kg7 46. exd6 exd6 47. Kg5
Kf7 48. f6 Kf8 49. f7 Kxf7 50. Kf5 Ke7 51. Kg6 Ke8 52. Kf6 Kd7 53. Kf7 Kd8 54.
Ke6 1-0

[Event "36th World Junior Girls"]
[Site "Manavgat TUR"]
[Date "2018.09.11"]
[Round "7.47"]
[White "Sade, Defne"]
[Black "Esti, Kubra Selenay"]
[Result "1-0"]
[WhiteTitle "WCM"]
[WhiteElo "1826"]
[BlackElo "1662"]
[WhiteFideId "6371884"]
[BlackFideId "6358187"]
[EventDate "2018.09.05"]

1. e4 g6 2. d4 Bg7 3. Nf3 c6 4. Bc4 d5 5. exd5 cxd5 6. Bd3 Bg4 7. c3 e6 8. h3
Bxf3 9. Qxf3 Nd7 10. O-O Ne7 11. Re1 O-O 12. Bf4 Qb6 13. Qe2 Nc6 14. Be3 Rfe8
15. f4 f6 16. Qf2 Qc7 17. Na3 a6 18. Nc2 Na5 19. Rad1 Rac8 20. Bc1 Nc4 21. Re2
Qb6 22. Bxc4 Rxc4 23. Rde1 Rcc8 24. Nb4 Qd6 25. Qf3 Nb6 26. Nd3 Nd7 27. Nb4 Nb6
28. h4 e5 29. f5 e4 30. Qh3 a5 31. Nc2 Bf8 32. Ne3 Bg7 33. g3 Red8 34. Rh2 Qd7
35. g4 Nc4 36. Ng2 Nd6 37. Rf1 b5 38. Ne3 Nc4 39. g5 Nxe3 40. Bxe3 Bh8 41. h5 b4
42. hxg6 bxc3 43. gxh7+ Kf8 44. gxf6 1-0

[Event "36th World Junior Girls"]
[Site "Manavgat TUR"]
[Date "2018.09.11"]
[Round "7.48"]
[White "Caxita, Esperanca"]
[Black "Anandpara, Jayendra Saloni"]
[Result "1-0"]
[WhiteTitle "WIM"]
[WhiteElo "1803"]
[BlackElo "1326"]
[WhiteFideId "10100903"]
[BlackFideId "6002200"]
[EventDate "2018.09.05"]

1. e4 c5 2. Nf3 d6 3. d4 cxd4 4. Nxd4 Nf6 5. Nc3 a6 6. Be2 e5 7. Nb3 Be6 8. Bg5
Nbd7 9. O-O Be7 10. Qd2 b5 11. Qe3 Qb6 12. Qf3 Bg4 13. Qd3 Bxe2 14. Nxe2 Qc6 15.
Ng3 g6 16. c3 h5 17. h4 Nh7 18. Bxe7 Kxe7 19. Rfd1 Rad8 20. Qe3 Nc5 21. Rd2 Ne6
22. Rad1 Nf6 23. Qa7+ Rd7 24. Na5 Rxa7 25. Nxc6+ Kf8 26. Nxa7 Nc5 27. Rxd6 Nfxe4
28. Nxe4 Nxe4 29. Rxa6 Kg7 30. Nc6 Re8 31. Rd5 Nf6 32. Rxe5 Rxe5 33. Nxe5 1-0

[Event "36th World Junior Girls"]
[Site "Manavgat TUR"]
[Date "2018.09.12"]
[Round "8.3"]
[White "Tokhirjonova, Gulrukhbegim"]
[Black "Gorti, Akshita"]
[Result "1-0"]
[WhiteTitle "WGM"]
[BlackTitle "FM"]
[WhiteElo "2369"]
[BlackElo "2315"]
[WhiteFideId "14203626"]
[BlackFideId "2072505"]
[EventDate "2018.09.05"]

1. e4 e6 2. d4 d5 3. Nd2 c5 4. Ngf3 cxd4 5. Nxd4 Nf6 6. exd5 Nxd5 7. N2f3 Bb4+
8. Bd2 Bxd2+ 9. Qxd2 O-O 10. Bc4 b6 11. O-O Bb7 12. Rfe1 Qf6 13. Qg5 Nd7 14. Bf1
Qxg5 15. Nxg5 N7f6 16. c4 Ne7 17. Rad1 Rfd8 18. Ngf3 Ng6 19. g3 Rd7 20. Be2 Rad8
21. Nb5 a6 22. Nc3 Bc6 23. Rxd7 Rxd7 24. Rd1 Rxd1+ 25. Bxd1 Ne4 26. Nxe4 Bxe4
27. Kf1 Kf8 28. Ke1 Ke7 29. Kd2 f6 30. Kc3 Kd6 31. Nd2 Bb7 32. b4 e5 33. Nb3 Ne7
34. c5+ Kc7 35. cxb6+ Kxb6 36. a4 Bc8 37. a5+ Kc6 38. Nc5 f5 39. Kc4 Kd6 40. b5
axb5+ 41. Kxb5 Nd5 42. Kc4 Nc7 43. Be2 Na6 44. Na4 Nb8 45. Kc3 Na6 46. h4 Bb7
47. h5 Nc7 48. Bd3 Bc6 49. Kb3 e4 50. Bc4 Bb7 51. Kc3 Bc6 52. Nb6 Kc5 53. Nc8
Bd7 54. Nb6 Bc6 55. Bg8 h6 56. Bc4 Be8 57. Be2 Bc6 58. Kd2 Ne6 59. Ke3 Nd4 60.
Bd1 Ne6 61. Nc8 Kb5 62. Na7+ Kc5 63. Nxc6 Kxc6 64. Ba4+ Kd6 65. a6 Nc7 66. a7 1-0